000 00948nam a22003017a 4500
001 BR6001330
003 BR-BrBNA
005 20230928083055.0
007 ta
008 230509b bl.||||| |||| 00| 0 por d
040 _aBR-BrBNA
_bpor
_cBiblioteca Nacional de Agricultura
041 _a(Por)
072 _aL00; E70
_b5212
_b/G514
090 _ 5212 BR6001330
110 1 _aSindicato dos Invernistas e criadores de Gado em Barretos, SP (Brasil)
_99520
111 1 _a1. Congresso Pecuario do Brasil Central
_cBarretos, SP (Brazil)
_d18 Apr 1941
245 1 _aAnais do 1. Congresso Pecuario do Brasil Central
260 3 _aSao Paulo, SP (Brasil):
_bSociedade Impressora Brasileira-Brusco,
_c1942.
300 _a339 p.
650 _aProducao animal
650 _aComercializacao
650 _aPecuaria
650 _aFrigorifico
650 _aAbate
650 _aMercado nacional
909 _a202309
_bLucia
_c55
_dLucia Elande
942 _cBK
999 _c11425
_d11425